Online
Catalog

Estadística aplicada al comercio y la economía. : (Record no. 36637)

MARC details
000 -CABECERA
campo de control de longitud fija 00955nam a2200229 a 4500
001 - NÚMERO DE CONTROL
campo de control 000037147
005 - FECHA Y HORA DE LA ÚLTIMA TRANSACCIÓN
campo de control 20200930080154.0
008 - DATOS DE LONGITUD FIJA--INFORMACIÓN GENERAL
campo de control de longitud fija 120217s1973 mx 000 0 spa d
040 ## - FUENTE DE LA CATALOGACIÓN
Centro catalogador/agencia de origen DO-SdBNP
Lengua de catalogación spa
Centro/agencia transcriptor BNPHU
082 ## - NÚMERO DE LA CLASIFICACIÓN DECIMAL DEWEY
Número de clasificación xxxx
Número de documento/Ítem E49e
100 1# - ENTRADA PRINCIPAL--NOMBRE DE PERSONA
Nombre de persona Elsey, Freeman F.
9 (RLIN) 63550
240 10 - TÍTULO UNIFORME
Título uniforme Business and economic statistics a programmed introduction
245 10 - MENCIÓN DE TÍTULO
Título Estadística aplicada al comercio y la economía. :
Resto del título instrucción programda /
Mención de responsabilidad, etc. Freeman F. Elsey; prólogo Marion J. L. Gandulfo, traducción Contadora Cristina Wirth.
260 ## - PUBLICACIÓN, DISTRIBUCIÓN, ETC.
Lugar de publicación, distribución, etc. México :
Nombre del editor, distribuidor, etc. Ediciones Marymar
-- Agencia para el Deserrollo Internacional (AID),
Fecha de publicación, distribución, etc. 1973.
300 ## - DESCRIPCIÓN FÍSICA
Extensión 448 p. ;
Dimensiones 23 cm.
490 1# - MENCIÓN DE SERIE
Mención de serie Biblioteca de economía
500 ## - NOTA GENERAL
Nota general Traduccido del inglés
700 1# - PUNTO DE ACCESO ADICIONAL--NOMBRE DE PERSONA
Nombre de persona Gandulfo, Marion J. L.
9 (RLIN) 63551
710 2# - PUNTO DE ACCESO ADICIONAL--NOMBRE DE ENTIDAD CORPORATIVA
Nombre de entidad corporativa o nombre de jurisdicción como elemento de entrada Centro Regional de Ayuda Técnica
9 (RLIN) 49164
710 2# - PUNTO DE ACCESO ADICIONAL--NOMBRE DE ENTIDAD CORPORATIVA
Nombre de entidad corporativa o nombre de jurisdicción como elemento de entrada Agencia para el Deserrollo Internacional (AID)
9 (RLIN) 63552
830 #0 - PUNTO DE ACCESO ADICIONAL DE SERIE-TÍTULO UNIFORME
Título uniforme Biblioteca de economía
9 (RLIN) 52412
Holdings
Estado de retiro Estado de pérdida Restricciones de uso No para préstamo Código de colección Localización permanente Ubicación/localización actual Ubicación en estantería Fecha de adquisición Número de inventario Total de préstamos Signatura topográfica completa Código de barras Fecha visto por última vez Precio válido a partir de Tipo de ítem Koha
      Excluido de préstamo Monografías: Libros y Folletos General General En catalogación 17.02.2012 LF1   xxxx E49e 37147-10 25.06.2020 25.06.2020 No se presta

Powered by Koha